000
00323nam a22001337a 4500
008
181203b xxu||||| |||| 00| 0 eng d
020
_a
0538010703
041
_a
eng
080
_2
5th
_a
330.722.6
100
_a
61
101
_a
KF
245
_a
Accounting Essentials for Career Secretaries
_c
Carlson,A.E
942
_2
udc
_c
BK
999
_c
52732
_d
52732